Spell at home (Record no. 24877)

MARC details
000 -LEADER
fixed length control field 00779nam a22002297a 4500
005 - DATE AND TIME OF LATEST TRANSACTION
control field 20090305104415.0
008 - FIXED-LENGTH DATA ELEMENTS--GENERAL INFORMATION
fixed length control field 090304t xxu||||| |||| 00| 0 eng d
010 ## - LCCN (DPL NO)
LC control number B-317543
020 ## - INTERNATIONAL STANDARD BOOK NUMBER
Terms of availability 150.00
International Standard Book Number 8187100117
035 ## - SYSTEM CONTROL NUMBER
System control number B-317543
040 ## - CATALOGING SOURCE
Original cataloging agency DPL
Language of cataloging English
082 ## - DEWEY DECIMAL CLASSIFICATION NUMBER
Classification number 482
100 ## - MAIN ENTRY--PERSONAL NAME
Personal name Bhushan, S.
245 ## - TITLE STATEMENT
Title Spell at home
Statement of responsibility, etc by S.Bhushan and S.P.Upadhyaya
260 ## - PUBLICATION, DISTRIBUTION, ETC. (IMPRINT)
Place of publication, distribution, etc New Delhi
Name of publisher, distributor, etc Ocean Books Pvt. Ltd.
Date of publication, distribution, etc 2004
270 ## - ADDRESS
Address 4/19, Asaf ali Road,
City New Delhi
Postal code 110 002
300 ## - PHYSICAL DESCRIPTION
Extent 111 p.
Dimensions 21 cm. (Hb)
650 ## - SUBJECT ADDED ENTRY--TOPICAL TERM
Topical term following geographic name as entry element English Language
700 ## - ADDED ENTRY--PERSONAL NAME
Personal name Upadhyaya, S.P.
942 ## - ADDED ENTRY ELEMENTS (KOHA)
Source of classification or shelving scheme Dewey Decimal Classification
Item type English Books
Classification part 482
Call number suffix BHU
Holdings
Withdrawn status Lost status Source of classification or shelving scheme Damaged status Not for loan Collection code Home library Current library Date acquired Source of acquisition Cost, normal purchase price Total Checkouts Total Renewals Full call number Barcode Date last seen Copy number Cost, replacement price Koha item type
    Dewey Decimal Classification     Non-fiction Vinoba Puri Vinoba Puri 05/03/2009 DBAct 150.00 8 2 482 BHU B-317543 14/07/2010 1 150.00 English Books

© Delhi Public Library
Hit Counter
free hit counter